| 000 | 00575nam a2200205 u 4500 | ||
|---|---|---|---|
| 005 | 20210223132906.0 | ||
| 008 | 160425s1991 ag r 000 0 spa d | ||
| 020 | _a9507241264 | ||
| 035 | _aUPN01000209776 | ||
| 049 | _aI | ||
| 050 | 4 |
_aQC225.5 _bT7.7 |
|
| 100 | 1 |
_aTricárico, Hugo Roberto _936879 |
|
| 245 | 1 | 3 |
_aEl sonido / _cHugo Roberto Tricárico. |
| 260 |
_aBuenos Aires : _bLumen, _cc1991 |
||
| 300 |
_a29 p. : _bil. col. |
||
| 440 | 3 | _aEl club de los científicos | |
| 650 | 4 |
_aSONIDO - _vLITERATURA INFANTIL _911047 |
|
| 905 | _aInfantil | ||
| 999 |
_c181877 _d181877 |
||